Toán học cao cấp T.3
Sparad:
| Huvudupphovsman: | |
|---|---|
| Övriga upphovsmän: | |
| Materialtyp: | Bok |
| Språk: | Undetermined |
| Publicerad: |
Hà Nội
Giáo dục
2008
|
| Ämnen: | |
| Länkar: | http://lrc.tdmu.edu.vn/opac/search/detail.asp?aID=2&ID=3216 |
| Taggar: |
Lägg till en tagg
Inga taggar, Lägg till första taggen!
|
| Thư viện lưu trữ: | Trung tâm Học liệu Trường Đại học Thủ Dầu Một |
|---|
| LEADER | 00728nam a2200229Ia 4500 | ||
|---|---|---|---|
| 001 | TDMU_3216 | ||
| 008 | 210410s9999 xx 000 0 und d | ||
| 082 | |a 515.9 | ||
| 090 | |b NG527 | ||
| 100 | |a Nguyễn, Đình Trí | ||
| 245 | 0 | |a Toán học cao cấp | |
| 245 | 0 | |c Nguyễn Đình Trí | |
| 245 | 0 | |n T.3 | |
| 245 | 0 | |p Phép tính giải tích nhiều biến số | |
| 260 | |a Hà Nội | ||
| 260 | |b Giáo dục | ||
| 260 | |c 2008 | ||
| 300 | |a 275tr. | ||
| 650 | |a sách đại học-toán; Giải tích học | ||
| 700 | |a Tạ, Văn Đĩnh | ||
| 856 | |u http://lrc.tdmu.edu.vn/opac/search/detail.asp?aID=2&ID=3216 | ||
| 980 | |a Trung tâm Học liệu Trường Đại học Thủ Dầu Một | ||